Control System Engineering (Record no. 50841)

000 -LEADER
fixed length control field 00359nam a2200145Ia 4500
008 - FIXED-LENGTH DATA ELEMENTS--GENERAL INFORMATION
fixed length control field 260319s9999 xx 000 0 und d
020 ## - INTERNATIONAL STANDARD BOOK NUMBER
International Standard Book Number 9.7893859983e+012
082 ## - DEWEY DECIMAL CLASSIFICATION NUMBER
Classification number 629.8
Item number ASAT/C
100 ## - MAIN ENTRY--PERSONAL NAME
Personal name Satyanarayana,P.S
245 #0 - TITLE STATEMENT
Title Control System Engineering
250 ## - EDITION STATEMENT
Edition statement 2nd Edition
260 ## - PUBLICATION, DISTRIBUTION, ETC.
Place of publication, distribution, etc. New Delhi
Name of publisher, distributor, etc. Medtech
Date of publication, distribution, etc. 2017
300 ## - PHYSICAL DESCRIPTION
Extent 368p.
942 ## - ADDED ENTRY ELEMENTS (KOHA)
Koha item type Book
Holdings
Withdrawn status Lost status Damaged status Not for loan Collection code Permanent Location Current Location Date acquired Cost, normal purchase price Full call number Barcode Date last seen Price effective from Koha item type
        School of Data Science (Noida) MUIT-NOIDA MUIT-NOIDA 2026-03-19 395.00 629.8 SAT/C DSC00887 2026-03-19 2026-03-19 Book

All Rights Reserved@MUIT

Powered by Koha